Kányádi Sándor

Bibliographic Details
Main Author: Pécsi, Györgi (Author)
Format: Book
Language:Hungarian
Published: Pozsony Kalligram 2003
Edition:1. kiad.
Series:Tegnap és Ma
Subjects:

MARC

LEADER 00000nam a2200000 a 4500
001 vtls001456989
003 SK-MaSNL
005 20260301014024.0
008 251117s2003 xo a gr 0 hun
015 |a SNBA2003/07-02337 
020 |a 8071495662  |c 210,00 Sk 
035 |a SNK000412296 
040 |a SNK  |b slo  |c SNK  |e AACR2 
041 0 |a hun 
044 |a xo  |c SK 
072 7 |a 821.51  |x Uralskoaltajské literatúry  |2 konspekt 
072 7 |a 929  |2 konspekt 
080 |a 82:929=511.141  |2 2. slo 
080 |a 821.511.141=511.141  |2 2. slo 
080 |a 929  |2 2. slo 
080 |a 929  |2 1981 
080 |a 821.511.141  |2 1981 
080 |a 82-051  |2 1981 
080 |a (092)  |2 1981 
100 1 |a Pécsi, Györgi  |4 aut  |9 301665 
245 1 0 |a Kányádi Sándor  |c Pécsi Györgyi 
250 |a 1. kiad. 
260 |a Pozsony  |b Kalligram  |c 2003 
300 |a 254 s.  |b fotogr.  |c 18 cm 
490 1 |a Tegnap és Ma : kortárs magyar írók 
504 |a Bibliogr. s. 216-228 
600 1 |a Kányádi, Sándor,  |d 1929-  |x biografie  |2 SNK  |9 67908 
600 1 |a Kányádi, Sándor,  |d 1929-2018  |2 SNK  |9 240057 
650 0 7 |a maďarská literatúra  |2 SNK  |9 1193 
650 0 7 |a spisovatelia  |2 SNK  |9 4982 
650 0 7 |a biografia  |2 konspekt  |9 71085 
655 7 |a albumy  |2 SNK  |9 51421 
655 7 |a biografie  |2 SNK  |9 27965 
655 7 |a biografie  |2 SNK  |9 27965 
752 |d Bratislava 
830 0 |a Tegnap és Ma  |9 276424 
919 |a 80-7149-566-2 
958 |a NB 
958 |a BC 
958 |a HU 
968 |d 82 
999 |c 557607  |d 559537 
952 |t P60, <03>, [BOOK], {603}  |a SNK  |b SNK  |y PREZ  |7 0  |p 17A0391450  |o snkSD 73095  |i snkKSP 8712/2003  |0 0  |1 0  |4 0  |d 2003-07-23  |l 0  |r 2025-11-20 00:00:00  |w 2026-02-23 
952 |t P60, <04>, [BOOK], {604}  |a SNK  |b SNK  |y VYP  |7 0  |p 17A0391451  |o snkSD 73095 D1  |i snkKSP 8713/2003  |0 0  |1 0  |4 0  |d 2003-07-23  |l 0  |r 2005-01-02 00:00:00  |w 2026-02-23